The Brown Fairy Book (Record no. 232611)
[ view plain ]
| 000 -LEADER | |
|---|---|
| fixed length control field | 01541cam a22002413a 4500 |
| 001 - CONTROL NUMBER | |
| control field | 3282 |
| 003 - CONTROL NUMBER IDENTIFIER | |
| control field | PGUSA |
| 005 - DATE AND TIME OF LATEST TRANSACTION | |
| control field | 20140828083030.0 |
| 008 - FIXED-LENGTH DATA ELEMENTS--GENERAL INFORMATION | |
| fixed length control field | 020601s2002||||xxu|||||s|||||000 | eng d |
| 040 ## - CATALOGING SOURCE | |
| Original cataloging agency | PGUSA |
| Language of cataloging | eng |
| 042 ## - AUTHENTICATION CODE | |
| Authentication code | dc |
| 050 #4 - LIBRARY OF CONGRESS CALL NUMBER | |
| Classification number | PZ |
| 100 1# - MAIN ENTRY--PERSONAL NAME | |
| Personal name | Lang, Andrew, |
| Dates associated with a name | 1844-1912 |
| 245 14 - TITLE STATEMENT | |
| Title | The Brown Fairy Book |
| Medium | [electronic resource] / |
| Statement of responsibility, etc | Andrew Lang |
| 260 ## - PUBLICATION, DISTRIBUTION, ETC. (IMPRINT) | |
| Name of publisher, distributor, etc | Project Gutenberg, |
| Date of publication, distribution, etc | 2002 |
| 505 0# - FORMATTED CONTENTS NOTE | |
| Formatted contents note | What the Rose did to the Cypress -- Ball-Carrier and the Bad One -- How Ball-Carrier finished his Task -- The Bunyip -- Father Grumbler -- The Story of the Yara -- The Cunning Hare -- The Turtle and his Bride -- How Geirald the Coward was Punished -- Habogi -- How the Little Brother set Free his Big Brothers -- The Sacred Milk of Koumongoe -- The Wicked Wolverine -- The Husband of the Rat's Daughter -- The Mermaid and the Boy -- Pivi and Kabo -- The Elf Maiden -- How Some Wild Animals became Tame Ones -- Fortune and the Wood-Cutter -- The Enchanted Head -- The Sister of the Sun -- The Prince and the Three Fates -- The Fox and the Lapp -- Kisa the Cat -- The Lion and the Cat -- Which was the Foolishest? -- Asmund and Signy -- Rubezahl -- Story of the King who would be Stronger then Fate -- Story of Wali Dad the Simple-hearted -- Tale of a Tortoise and of a Mischievous Monkey -- The Knights of the Fish. |
| 506 ## - RESTRICTIONS ON ACCESS NOTE | |
| Terms governing access | Public domain in the USA. |
| 516 ## - TYPE OF COMPUTER FILE OR DATA NOTE | |
| Type of computer file or data note | Electronic text |
| 653 ## - INDEX TERM--UNCONTROLLED | |
| Uncontrolled term | Fairy tales |
| 830 #0 - SERIES ADDED ENTRY--UNIFORM TITLE | |
| Uniform title | Project Gutenberg |
| Volume number/sequential designation | 3282 |
| 856 40 - ELECTRONIC LOCATION AND ACCESS | |
| Uniform Resource Identifier | <a href="http://www.gutenberg.org/ebooks/3282">http://www.gutenberg.org/ebooks/3282</a> |
| 942 ## - ADDED ENTRY ELEMENTS (KOHA) | |
| Koha item type | eBooks |
| Withdrawn status | Lost status | Damaged status | Home library | Current library | Date acquired | Total Checkouts | Date last seen | Price effective from | Koha item type |
|---|---|---|---|---|---|---|---|---|---|
| Project Gutenberg | Project Gutenberg | 08/28/2014 | 08/28/2014 | 08/28/2014 | eBooks |